[Event "Belorechensk Seniors op"]
[Site "Belorechensk"]
[Date "2013.02.16"]
[Round "4"]
[White "Panarin, Vladimir"]
[Black "Akopian, Sergey"]
[Result "1-0"]
[WhiteElo "2079"]
[BlackElo "1910"]
[PlyCount "89"]
[EventDate "2013.02.13"]
[EventType "swiss"]
[EventRounds "9"]
[EventCountry "RUS"]
[SourceTitle "CBM 153 Extra"]
[Source "ChessBase"]
[SourceDate "2013.04.22"]
[SourceVersion "1"]
[SourceVersionDate "2013.04.22"]
[SourceQuality "1"]

1. d4 Nf6 2. c4 e6 3. Nc3 Bb4 4. e3 0-0 5. Bd3 d5 6. Nge2 c5 7. a3 Bxc3+ 8. bxc3 cxd4 9. cxd4 b6 10. Bb2 Bb7 11. 0-0 Nbd7 12. Rc1 Rc8 13. Ng3 dxc4 14. Bxc4 Ne4 15. Nxe4 Bxe4 16. Qe2 Nf6 17. Ba6 Rxc1 18. Rxc1 Qd7 19. f3 Bb7 20. Bxb7 Qxb7 21. Qc4 h6 22. e4 Nh5 23. g3 Nf6 24. Kf2 Nh7 25. a4 Ng5 26. h4 Nh7 27. Ba3 Re8 28. Qc6 Qxc6 29. Rxc6 Nf6 30. Rc7 Ra8 31. Rb7 h5 32. Be7 Ne8 33. Ke3 Kh7 34. d5 exd5 35. exd5 Kg6 36. d6 Nf6 37. Kd4 Kf5 38. Bxf6 Kxf6 39. Kd5 g6 40. Rc7 a6 41. d7 Rd8 42. Kd6 b5 43. Rc8 Rxd7+ 44. Kxd7 bxa4 45. Rc6+ 1-0

[Event "Belorechensk Seniors op"]
[Site "Belorechensk"]
[Date "2013.02.15"]
[Round "3"]
[White "Akopian, Sergey"]
[Black "Ermolov, Vasily"]
[Result "0-1"]
[WhiteElo "1910"]
[BlackElo "2028"]
[PlyCount "65"]
[EventDate "2013.02.13"]
[EventType "swiss"]
[EventRounds "9"]
[EventCountry "RUS"]
[SourceTitle "CBM 153 Extra"]
[Source "ChessBase"]
[SourceDate "2013.04.22"]
[SourceVersion "1"]
[SourceVersionDate "2013.04.22"]
[SourceQuality "1"]

1. d4 Nf6 2. c4 e6 3. Nc3 Bb4 4. e3 c5 5. Nf3 Nc6 6. Bd2 cxd4 7. exd4 0-0 8. Be2 d5 9. 0-0 dxc4 10. Bg5 h6 11. Bxf6 Qxf6 12. Bxc4 Rd8 13. a3 Bf8 14. Ne2 Bd7 15. Qc2 Rac8 16. Qd3 e5 17. Ba2 Bf5 18. Qb5 exd4 19. Ng3 Bg4 20. Nd2 d3 21. h3 Nd4 22. Qxb7 Be2 23. Nge4 Qg6 24. f4 Bxf1 25. Rxf1 Ne2+ 26. Kh2 Rc1 27. Rxc1 Nxc1 28. Qc7 Nxa2 29. Qxd8 Nc1 30. Qd7 Ne2 31. Qg4 Qb6 32. h4 Qg1+ 33. Kh3 0-1